Boletín de las leyes i decretos del gobierno: 1899
Αποθηκεύτηκε σε:
| Μορφή: | Βιβλίο |
|---|---|
| Γλώσσα: | Ισπανικά |
| Έκδοση: |
Santiago
Nacional
1899
|
| Θέματα: | |
| Ετικέτες: |
Προσθήκη ετικέτας
Δεν υπάρχουν, Καταχωρήστε ετικέτα πρώτοι!
|
MARC
| LEADER | 00000nam a2200000 a 4500 | ||
|---|---|---|---|
| 001 | UCR1512 | ||
| 003 | CL-VaPUC | ||
| 008 | 971219e18990000CL |||||||||||||||||spa|d | ||
| 082 | 0 | 4 | |a 348.022 |b BOL |2 21 |
| 245 | 1 | 0 | |a Boletín de las leyes i decretos del gobierno: 1899 |
| 300 | |a 3 v | ||
| 942 | |c BK | ||
| 945 | |d 19971219 00:00:00 |a lriquelm | ||
| 260 | |a Santiago |b Nacional |c 1899 | ||
| 650 | 7 | |a DERECHO CHILENO SIGLO 19 |2 CL-VaPUC |9 398672 | |
| 650 | 0 | |a Fuentes del derecho |9 255162 | |
| 651 | 7 | |a CHILE |2 CL-VaPUC |9 398673 | |
| 583 | |a last modification |c 20160829 10:37:13 |k Rodrigo Vera | ||
| 999 | |c 264913 |d 264911 | ||
| 952 | |0 0 |1 0 |4 0 |6 348_022000000000000_BOL_1899 |7 0 |8 X |9 295548 |a BIBDER |b BIBDER |d 2019-11-20 |h v.69 p.1-2 |i 1926462 |o 348.022 BOL 1899 |p 1926462 |r 2023-01-25 |w 2019-11-20 |y BK_X |k DER | ||
| 952 | |0 0 |1 0 |4 0 |6 348_022000000000000_BOL_1899 |7 0 |8 X |9 295549 |a BIBDER |b BIBDER |d 2019-11-20 |h v.69 p.3 |i 1926411 |o 348.022 BOL 1899 |p 1926411 |r 2023-01-25 |w 2019-11-20 |y BK_X |k DER | ||
| 952 | |0 0 |1 0 |4 0 |6 348_022000000000000_BOL_1899 |7 0 |8 DER_HDC |9 295550 |a BIBDER |b BIBDER |d 2019-11-20 |h v.69 p.1 |i 192768K |o 348.022 BOL 1899 |p 192768K |r 2023-01-25 |w 2019-11-20 |x Ubicación 4to Piso |y BK_X |z Estos recursos deben solicitarse con anticipación |k DER | ||
| 952 | |0 0 |1 0 |4 0 |6 348_022000000000000_BOL_1899 |7 0 |8 DER_HDC |9 295551 |a BIBDER |b BIBDER |d 2019-11-20 |h v.69 p.2 |i 1927329 |o 348.022 BOL 1899 |p 1927329 |r 2023-01-25 |w 2019-11-20 |x Ubicación 4to Piso |y BK_X |z Estos recursos deben solicitarse con anticipación |k DER | ||
| 952 | |0 0 |1 0 |4 0 |6 348_022000000000000_BOL_1899 |7 0 |8 DER_HDC |9 295552 |a BIBDER |b BIBDER |d 2019-11-20 |h v.69 p.3 |i 192737K |o 348.022 BOL 1899 |p 192737K |r 2023-01-25 |w 2019-11-20 |x Ubicación 4to Piso |y BK_X |z Estos recursos deben solicitarse con anticipación |k DER | ||